| 000 | 01530nam a2200337 i 4500 | ||
|---|---|---|---|
| 001 | 190577 | ||
| 003 | ES-MaACL | ||
| 005 | 20240612113942.0 | ||
| 008 | 210104s2018 sp a 101 0 spa | ||
| 020 | _a978-84-09-00958-9 | ||
| 080 | _a94(460)"0414/1474"(062.552) | ||
| 080 | _a930.85(460=411.21)(062.552) | ||
| 080 | _a94(460.25)(062.552) | ||
| 111 | 2 |
_aJornadas de Historia en Llerena ( _n18ª. _d2017) _9173986 |
|
| 245 | 1 | 3 |
_aEl legado de la España de las tres culturas / _c[XVIII Jornadas de Historia en Llerena, 3 y 4 de noviembre de 2017 ; coordinación, Felipe Lorenzana de la Puente, Francisco Javier Mateos Ascacíbar]. |
| 260 |
_aLlerena (Badajoz) : _bSociedad Extremeña de Historia, _c[2018] |
||
| 300 |
_a278 p. : _bil. ; _c24 cm + _e1 DVD. |
||
| 500 | _aÍndice disponible en Dialnet. | ||
| 504 | _aReferencias bibliográficas. | ||
| 546 | _aTexto en español; resúmenes en español e inglés. | ||
| 651 | 4 |
_aEspaña- _xHistoria- _y0414-1474, Edad media- _vCongresos y asambleas. _9173987 |
|
| 651 | 4 |
_aAl-Andalus- _xCivilización. _97608 |
|
| 651 | 4 |
_aExtremadura- _xHistoria- _vCongresos y asambleas. _9137146 |
|
| 700 | 1 |
_aLorenzana de la Puente, Felipe. _9129072 |
|
| 700 | 1 |
_aMateos Ascacíbar, Francisco J. _9129719 |
|
| 710 | 2 |
_aSociedad Extremeña de Historia. _96768 |
|
| 852 | 4 |
_aES-MaACL _jA-14834 _9197755 _bR.152290 _cDEPO1 _dOlim: N-7834 _hDonativo: Editorial |
|
| 852 | 4 |
_aES-MaACL _jROT 6/2/31 _cROT _9203360 _hDonativo: Editorial |
|
| 942 | _2udc | ||
| 999 |
_c190577 _d190577 |
||